Solano County, CA Communities - Statistics

General Stats
  • This quiz has been taken 13 times
  • The average score is 9 of 16
Answer Stats
Hint Answer % Correct
City Benicia
100%
City Dixon
100%
City Fairfield
100%
City Vacaville
100%
City Vallejo
100%
City Rio Vista
86%
City Suisun City
86%
CDP Elmira
57%
CDP Cordelia
43%
CDP Allendale
29%
CDP Hartley
29%
Unincorporated Community Birds Landing
14%
CDP Carquinez Heights
14%
Unincorporated Community Collinsville
14%
CDP Green Valley
14%
Unincorporated Community Rockville
14%
No matching quizzes found
Score Distribution
Percent of People with Each Score
Percentile by Number Answered
Your Score History
You have not taken this quiz